| Tag |
First Indicator |
Second Indicator |
Subfields |
| LEADER |
00000cam a22000004a 4500 |
| 001 |
in00001801621 |
| 005 |
20160716063242.0 |
| 008 |
031024s2004 enk b 001 0 eng |
| 010 |
|
|
|a 2003056925
|
| 020 |
|
|
|a 0754623971 (alk. paper)
|
| 035 |
|
|
|a (OCoLC)ocm53325329
|
| 040 |
|
|
|a DLC
|c DLC
|d TXA
|d UtOrBLW
|
| 042 |
|
|
|a pcc
|
| 049 |
|
|
|a TXAM
|
| 050 |
0 |
0 |
|a K290
|b .T66 2004
|
| 082 |
0 |
0 |
|a 340/.1
|2 22
|
| 100 |
1 |
|
|a Tontti, Jarkko.
|
| 245 |
1 |
0 |
|a Right and prejudice :
|b prolegomena to a hermeneutical philosophy of law /
|c Jarkko Tontti.
|
| 264 |
|
1 |
|a Aldershot, England ;
|a Burlington, VT :
|b Ashgate,
|c [2004]
|
| 264 |
|
4 |
|c ©2004
|
| 300 |
|
|
|a v, 204 pages ;
|c 25 cm.
|
| 336 |
|
|
|a text
|b txt
|2 rdacontent
|
| 337 |
|
|
|a unmediated
|b n
|2 rdamedia
|
| 338 |
|
|
|a volume
|b nc
|2 rdacarrier
|
| 504 |
|
|
|a Includes bibliographical references (pages 187-200) and index.
|
| 505 |
0 |
|
|a pt. 1. Hermeneutical philosophy as dialectics without a synthesis. Early methodological and epistemological aspirations ; The turn to being; Nihilistic vocations ; Dialectics of explanation and understanding ; Narrative structures of texts and identities; Dialectics of tradition and critique -- pt. 2. Ontology: being and law. Being and law: yearn for the first philosophy of law ; Time and law: dialects of past, present, and future ; Conflicts of interpretations ; The future justice of law: communitas fraternitatis -- pt. 3. Epistemology and methodology: knowing and doing law. From ought to ought ; Playing the law: from faith to suspicion ; Saying the law: right and prejudice.
|
| 650 |
|
0 |
|a Law
|x Interpretation and construction.
|
| 650 |
|
0 |
|a Law
|x Philosophy.
|
| 948 |
|
|
|a cataloged
|b h
|c 2004/9/8
|d c
|e dmitchel
|f 10:00:00 am
|
| 994 |
|
|
|a E0
|b TXA
|
| 999 |
|
|
|a MARS
|
| 999 |
f |
f |
|s 4dbeb851-1b03-3bef-ab7d-02baf95ef437
|i 6543a959-6ec4-34cf-b0fe-e286c5d9e9c0
|t 0
|
| 952 |
f |
f |
|p ric
|a Texas A&M University
|b Rellis Campus
|c Joint Library Facility
|d Remote Storage
|t 0
|e K290 .T66 2004
|h Library of Congress classification
|i unmediated -- volume
|m A14832236676
|
| 998 |
f |
f |
|a K290 .T66 2004
|t 0
|l Remote Storage
|